Systém brzda - plyn by daňový systém poškodil
Problematika znižovania daní a odvodov na Slovensku. Lepší vývoj verejných financií v tomto roku (2004). Vláda však uvoľnila dodatočné peniaze predovšetkým na školy a diaľnice. Rôzne názory jednotlivých skupín na znižovanie daní - zamestnávatelia a opozícia. Otázka ako najlepšie vyriešiť problém zni...
Guardado en:
| Autor principal: | |
|---|---|
| Formato: | Capítulo de libro |
| Lenguaje: | eslovaco |
| Materias: | |
| Etiquetas: |
Sin Etiquetas, Sea el primero en etiquetar este registro!
|
MARC
| LEADER | 00000naa$a2200000$$$4500 | ||
|---|---|---|---|
| 001 | 0018292 | ||
| 005 | 20231009075336.8 | ||
| 041 | 0 | |a slo | |
| 044 | |a SK | ||
| 245 | 1 | 0 | |a Systém brzda - plyn by daňový systém poškodil |c aut. Rado Baťo |
| 520 | |a Problematika znižovania daní a odvodov na Slovensku. Lepší vývoj verejných financií v tomto roku (2004). Vláda však uvoľnila dodatočné peniaze predovšetkým na školy a diaľnice. Rôzne názory jednotlivých skupín na znižovanie daní - zamestnávatelia a opozícia. Otázka ako najlepšie vyriešiť problém znižovania daní. Daňové a odvodové zaťaženie v SR a v krajinách EÚ. Ministerstvo financií pripravilo menšiu novelu zákona o dani z príjmov. | ||
| 610 | 2 | 0 | |a dane |
| 610 | 2 | 0 | |a zaťaženie daňové |
| 610 | 2 | 0 | |a odvody |
| 610 | 2 | 0 | |a Slovensko |
| 610 | 2 | 0 | |a Európska únia |
| 100 | 1 | |a Baťo, Rado | |